Catálogo
 En Linea

Percepción sobre la violencia intrafamiliar en la Región Este / (Registro nro. 29510)

Detalles MARC
000 -CABECERA
campo de control de longitud fija 00821nam a2200169 a 4500
001 - NÚMERO DE CONTROL
campo de control 000030018
005 - FECHA Y HORA DE LA ÚLTIMA TRANSACCIÓN
campo de control 20200930060001.0
008 - DATOS DE LONGITUD FIJA--INFORMACIÓN GENERAL
campo de control de longitud fija 110428s1998 dr ad 000 0 spa d
040 ## - FUENTE DE LA CATALOGACIÓN
Centro catalogador/agencia de origen DO-SdBNP
Lengua de catalogación spa
Centro/agencia transcriptor BNPHU
082 ## - NÚMERO DE LA CLASIFICACIÓN DECIMAL DEWEY
Número de clasificación xxxx
Número de documento/Ítem P428
049 ## - FONDOS LOCALES (OCLC)
Fondos de biblioteca BNPD
245 00 - MENCIÓN DE TÍTULO
Título Percepción sobre la violencia intrafamiliar en la Región Este /
Mención de responsabilidad, etc. presentación Gladys Gutiérrez.
260 ## - PUBLICACIÓN, DISTRIBUCIÓN, ETC.
Lugar de publicación, distribución, etc. Santo Domingo :
Nombre del editor, distribuidor, etc. Secretaía de Estado de la Mujer :
-- Consejo Interamericano para el Desarrollo Integral de la Organización de Estados Américanos,
Fecha de publicación, distribución, etc. 1998.
300 ## - DESCRIPCIÓN FÍSICA
Extensión 24 p. :
Otras características físicas il., diagrs. ;
Dimensiones 27 cm.
500 ## - NOTA GENERAL
Nota general Síntesis del diagnóstico efectuado durante los meses de septiembre, octubre y noviembre de 1998, en el marco del Programa Integrado para el Desarrollo de la Mujer de la Región Este
700 1# - PUNTO DE ACCESO ADICIONAL--NOMBRE DE PERSONA
Nombre de persona Gutiérrez, Gladys
9 (RLIN) 56736
Existencias
Estado de retiro Estado de pérdida No para préstamo Código de colección Localización permanente Ubicación/localización actual Ubicación en estantería Fecha de adquisición Número de inventario Total de préstamos Signatura topográfica completa Código de barras Fecha visto por última vez Precio válido a partir de Tipo de ítem Koha
    Excluido de préstamo Patrimonio Dominicano Patrimonio Dominicano Patrimonio Dominicano En catalogación 28.04.2011 LF1   xxxx P428 30018-10 25.06.2020 25.06.2020 Libro y Folleto Colección Patrimonio Dominicano

Con tecnología Koha